[Event "IECC O-2599"]
[Site "IECC email"]
[Date "2007.05.29"]
[Round "?"]
[White "Mugica, Emiliano"]
[Black "Vizintin, Primoz"]
[Result "0-1"]
[WhiteElo "1240"]
[BlackElo "1150"]
[PlyCount "48"]
[EventDate "2007.??.??"]
[EventType "swiss (corr)"]
[EventRounds "2"]
[SourceTitle "Corr 2011"]
[Source "ChessBase"]
[SourceDate "2010.08.31"]
[SourceVersion "1"]
[SourceVersionDate "2010.08.31"]
[SourceQuality "1"]
[WhiteTeam "US of America"]
[BlackTeam "South Africa"]
[WhiteTeamCountry "USA"]
[BlackTeamCountry "RSA"]

1. e4 e5 2. Nf3 Nc6 3. Bc4 Bc5 4. 0-0 Nf6 5. Nc3 0-0 6. d3 d6 7. Na4 b6 8. Nxc5 dxc5 9. Bg5 h6 10. Bxf6 Qxf6 11. Bd5 Bb7 12. h4 Rad8 13. g4 Nd4 14. Nxd4 Bxd5 15. Nf5 Bxe4 16. Qe2 Bxf5 17. gxf5 Rd4 18. f3 Rf4 19. Rfe1 Qxh4 20. Qg2 Rxf5 21. Re4 Qf6 22. Qe2 Rxf3 23. Rxe5 Rg3+ 24. Kh1 Qh4+ 0-1

[Event "IECC KO email"]
[Site "IECC email"]
[Date "2001.05.08"]
[Round "?"]
[White "Vizintin, Primoz"]
[Black "Ellis, Nick"]
[Result "0-1"]
[WhiteElo "994"]
[BlackElo "1247"]
[PlyCount "62"]
[EventDate "2001.??.??"]
[EventType "tourn (corr)"]
[EventRounds "6"]
[SourceTitle "Corr 2008"]
[Source "ChessBase"]
[SourceDate "2008.06.24"]
[SourceVersion "1"]
[SourceVersionDate "2008.06.24"]
[SourceQuality "1"]

1. e4 e5 2. Nf3 Nf6 3. Nc3 Nc6 4. Bc4 Nxe4 5. Bxf7+ Kxf7 6. Nxe4 d5 7. d4 dxe4 8. Ng5+ Kg8 9. c3 Qd5 10. f3 exf3 11. gxf3 exd4 12. Qb3 Qxb3 13. axb3 Bf5 14. Bf4 Re8+ 15. Ne4 Bxe4 16. fxe4 Rxe4+ 17. Kd1 Rxf4 18. Kd2 Rf2+ 19. Kc1 Bd6 20. h3 Be5 21. Rd1 dxc3 22. bxc3 Rf3 23. b4 Rxc3+ 24. Kd2 Rxh3 25. Rf1 Bxa1 26. Rxa1 Kf7 27. b5 Rd8+ 28. Kc2 Nb4+ 29. Kb2 Rd2+ 30. Kc1 Rc2+ 31. Kb1 Rh1# 0-1